000 00456nam a2200169Ia 4500
008 230711s9999||||xx |||||||||||||| ||und||
020 _a978-0-07-014481-1
041 _aENG
082 _a5.133
_bHU-P
100 _aHubbard,John R
245 0 _aSchaum's outlines Programming with C++
250 _a3rd Ed.
260 _c2009
_aNew Delhi
_bMcGraw Hill Education(India) Private Limited
300 _a15.20p.
650 _aComputer Engineering
942 _cBK
999 _c6406
_d6406